Otvorené problémy v ekonomických prístupoch k investícii do ľudského a sociálneho kapitálu v podmienkach SR

Ciele Lisabonskej stratégie. Nová stratégia zvyšovania výkonnosti európskej ekonomiky (Európska komisia, 2005). Investovanie do vzdelávacieho systému v podmienkach SR. Celkové verejné výdavky na vzdelávanie ako podiel z HDP a ako podiel z celkových verejných výdavkov v krajinách OECD.

Uložené v:
Podrobná bibliografia
Hlavný autor: Dudová, Iveta
Médium: Kapitola
Jazyk:Slovak
Predmet:
Tagy: Pridať tag
Žiadne tagy, Buďte prvý, kto otaguje tento záznam!

MARC

LEADER 00000naa$a2200000$$$4500
001 0044926
005 20221128095512.4
041 0 |a slo 
044 |a SK 
245 1 0 |a Otvorené problémy v ekonomických prístupoch k investícii do ľudského a sociálneho kapitálu v podmienkach SR  |c Iveta Dudová 
520 |a Ciele Lisabonskej stratégie. Nová stratégia zvyšovania výkonnosti európskej ekonomiky (Európska komisia, 2005). Investovanie do vzdelávacieho systému v podmienkach SR. Celkové verejné výdavky na vzdelávanie ako podiel z HDP a ako podiel z celkových verejných výdavkov v krajinách OECD. 
610 2 0 |a Lisabonská stratégia 
610 2 0 |a kapitál ľudský 
610 2 0 |a vzdelávanie 
610 2 0 |a financovanie 
610 2 0 |a Slovensko 
610 2 0 |a kapitál sociálny 
100 1 |a Dudová, Iveta